[Event "Mondariz Balneario op 3rd"]
[Site "Mondariz Balneario"]
[Date "2016.08.22"]
[Round "7.2"]
[White "Rivas Diaz, Pablo"]
[Black "Oratovsky, Michael"]
[Result "0-1"]
[WhiteElo "2059"]
[BlackElo "2479"]
[PlyCount "68"]
[EventDate "2016.08.17"]
[EventType "swiss"]
[EventRounds "9"]
[EventCountry "ESP"]
[SourceTitle "EXT 2024"]
[Source "ChessBase"]
[SourceDate "2023.10.10"]
[SourceVersion "1"]
[SourceVersionDate "2023.10.10"]
[SourceQuality "1"]

1. e4 c5 2. Nc3 a6 3. g3 b5 4. Bg2 Bb7 5. d3 e6 6. Nh3 b4 7. Ne2 d5 8. 0-0 dxe4 9. Ng5 Nf6 10. Nf4 Nbd7 11. Nh5 Nxh5 12. Qxh5 g6 13. Qd1 Bg7 14. Nxe4 0-0 15. Bg5 Qb6 16. Be7 Rfe8 17. Bg5 f5 18. Nd2 Bxg2 19. Kxg2 Bxb2 20. Rb1 Qc6+ 21. Qf3 Qxf3+ 22. Kxf3 Ne5+ 23. Ke2 Bc3 24. Bf6 Nc6 25. Bxc3 bxc3 26. Nb3 Rac8 27. Kd1 c4 28. dxc4 Nb4 29. Ke2 Rxc4 30. Nc5 Nxc2 31. Nxa6 Rd8 32. Rbd1 Re4+ 33. Kf3 Rxd1 34. Rxd1 Ne1+ 0-1

[Event "ESP-ch U18"]
[Site "Salobrena"]
[Date "2015.07.31"]
[Round "7"]
[White "Cribilles Perez, Carlos"]
[Black "Rivas Diaz, Pablo"]
[Result "0-1"]
[WhiteElo "1844"]
[BlackElo "2029"]
[PlyCount "88"]
[EventDate "2015.07.27"]
[EventType "swiss"]
[EventRounds "9"]
[EventCountry "ESP"]
[SourceTitle "EXT 2016"]
[Source "ChessBase"]
[SourceDate "2015.10.08"]
[SourceVersion "1"]
[SourceVersionDate "2015.10.08"]
[SourceQuality "1"]

1. d4 d5 2. c4 dxc4 3. Nc3 Nf6 4. e3 a6 5. Bxc4 b5 6. Bb3 Bb7 7. Nf3 e6 8. 0-0 Bd6 9. Re1 0-0 10. Bc2 c5 11. e4 cxd4 12. Nxd4 Be5 13. Nf3 Qxd1 14. Nxd1 Bc7 15. Nc3 Nbd7 16. Bg5 Rac8 17. e5 Ng4 18. Be4 Bxe4 19. Nxe4 Ndxe5 20. Nxe5 Nxe5 21. Be7 Nd3 22. Re3 Rfe8 23. Bf6 Nf4 24. Bd4 Red8 25. Bc5 Nd3 26. b4 Bf4 27. Rf3 f5 28. Ng3 Bxg3 29. hxg3 Nxc5 30. bxc5 Rxc5 31. Re1 Rd6 32. Kh2 Kf7 33. g4 b4 34. Rb3 a5 35. gxf5 exf5 36. Rbe3 Kf6 37. g3 Rc2 38. R1e2 Rxe2 39. Rxe2 a4 40. Rb2 Rd4 41. f4 b3 42. axb3 Rb4 43. Kh3 axb3 44. Kh4 Kg6 0-1

[Event "ESP-ch U18"]
[Site "Salobrena"]
[Date "2015.07.31"]
[Round "8"]
[White "Rivas Diaz, Pablo"]
[Black "Marquez Marvizon, Alejandra"]
[Result "1/2-1/2"]
[WhiteElo "2029"]
[BlackElo "1968"]
[PlyCount "89"]
[EventDate "2015.07.27"]
[EventType "swiss"]
[EventRounds "9"]
[EventCountry "ESP"]
[SourceTitle "EXT 2016"]
[Source "ChessBase"]
[SourceDate "2015.10.08"]
[SourceVersion "1"]
[SourceVersionDate "2015.10.08"]
[SourceQuality "1"]

1. e4 e6 2. d4 d5 3. Nd2 dxe4 4. Nxe4 Nd7 5. Nf3 Ngf6 6. Bd3 c5 7. Nxf6+ Nxf6 8. dxc5 Bxc5 9. 0-0 0-0 10. Qe2 b6 11. Ne5 Bb7 12. Rd1 Qc7 13. Bg5 Nd5 14. c4 f6 15. Nf3 fxg5 16. Qxe6+ Kh8 17. cxd5 Rae8 18. Qh3 h6 19. Rac1 Qf7 20. Kh1 Bc8 21. Qg3 Qf6 22. Re1 Bd6 23. Rxe8 Rxe8 24. Rc6 Qxb2 25. Qxd6 Bf5 26. h4 Bxd3 27. Qg3 gxh4 28. Nxh4 Re1+ 29. Kh2 Qe5 30. Qxe5 Rxe5 31. d6 Rd5 32. Rc7 Rxd6 33. Rxa7 Kh7 34. Kg3 Rd4 35. Nf3 Rb4 36. a3 Rb2 37. Ne5 Bf1 38. Ra4 b5 39. Rb4 Ra2 40. Rb3 Rd2 41. Nf3 Rd6 42. Ne5 Rd2 43. Nf3 Rd5 44. Rc3 Rd6 45. Ne5 1/2-1/2

[Event "ESP-ch U18"]
[Site "Salobrena"]
[Date "2015.07.30"]
[Round "6"]
[White "Rivas Diaz, Pablo"]
[Black "Bustos Bernardo, Samuel"]
[Result "0-1"]
[WhiteElo "2029"]
[BlackElo "1917"]
[PlyCount "102"]
[EventDate "2015.07.27"]
[EventType "swiss"]
[EventRounds "9"]
[EventCountry "ESP"]
[SourceTitle "EXT 2016"]
[Source "ChessBase"]
[SourceDate "2015.10.08"]
[SourceVersion "1"]
[SourceVersionDate "2015.10.08"]
[SourceQuality "1"]

1. e4 c5 2. Nf3 d6 3. d4 cxd4 4. Nxd4 Nf6 5. Nc3 a6 6. Be2 e5 7. Nb3 Be7 8. Be3 0-0 9. 0-0 Qc7 10. a4 b6 11. f4 exf4 12. Bxf4 Nbd7 13. Kh1 Bb7 14. Bf3 Rfe8 15. Nd5 Nxd5 16. exd5 Bf6 17. c3 Ne5 18. Nd2 g6 19. Bh6 Nc4 20. Ne4 Bh8 21. b3 Ne5 22. Bg5 Nxf3 23. Qxf3 Bxd5 24. Nf6+ Bxf6 25. Qxf6 Re6 26. Qd4 Qc5 27. Qxc5 bxc5 28. c4 Bc6 29. Rf2 Rb8 30. Raf1 f5 31. Kg1 Rxb3 32. g4 Re4 33. Rf4 Re2 34. R4f2 Rxf2 35. Rxf2 Rb1+ 36. Rf1 Rxf1+ 37. Kxf1 fxg4 38. Be7 Bxa4 39. Ke2 Kf7 40. Bxd6 Ke6 41. Bxc5 Kf5 42. Be7 Bc6 43. Ke3 g5 44. Bd6 h5 45. Bc7 h4 46. Bd6 a5 47. Bc7 a4 48. Bd6 Ke6 49. Bb4 g3 50. h3 g4 51. Kf4 gxh3 0-1

[Event "ESP-ch U18"]
[Site "Salobrena"]
[Date "2015.07.29"]
[Round "4"]
[White "Rivas Diaz, Pablo"]
[Black "Ponce Cano, Adrian"]
[Result "1/2-1/2"]
[WhiteElo "2029"]
[BlackElo "2183"]
[PlyCount "78"]
[EventDate "2015.07.27"]
[EventType "swiss"]
[EventRounds "9"]
[EventCountry "ESP"]
[SourceTitle "EXT 2016"]
[Source "ChessBase"]
[SourceDate "2015.10.08"]
[SourceVersion "1"]
[SourceVersionDate "2015.10.08"]
[SourceQuality "1"]

1. e4 c5 2. Nf3 e6 3. d4 cxd4 4. Nxd4 Nf6 5. Nc3 Nc6 6. Ndb5 Bb4 7. a3 Bxc3+ 8. Nxc3 d5 9. exd5 exd5 10. Qe2+ Be6 11. Bg5 0-0 12. 0-0-0 Re8 13. Qd2 h6 14. Bxf6 Qxf6 15. Nb5 Red8 16. Nd4 Ne5 17. Nxe6 Qxe6 18. Bd3 Rac8 19. f4 Nxd3+ 20. Qxd3 d4 21. Kd2 Rc3 22. bxc3 dxc3+ 23. Kxc3 Rxd3+ 24. cxd3 Qc6+ 25. Kb4 b6 26. d4 a5+ 27. Kb3 Qd5+ 28. Kc3 b5 29. Rhe1 a4 30. Kb4 g5 31. fxg5 hxg5 32. h3 Kg7 33. g3 Kh6 34. h4 f6 35. hxg5+ Kxg5 36. Rf1 Kg4 37. Rg1 f5 38. Ka5 Kh3 39. Kb4 Kg4 1/2-1/2

[Event "Pontevedra op 2nd"]
[Site "Pontevedra"]
[Date "2014.08.10"]
[Round "4"]
[White "Guerra Bastida, Diego"]
[Black "Rivas Diaz, Pablo"]
[Result "1-0"]
[WhiteElo "2362"]
[BlackElo "1889"]
[PlyCount "63"]
[EventDate "2014.08.07"]
[EventType "swiss"]
[EventRounds "9"]
[EventCountry "ESP"]
[SourceTitle "CBM 162 Extra"]
[Source "ChessBase"]
[SourceDate "2014.10.17"]
[SourceVersion "1"]
[SourceVersionDate "2014.10.17"]
[SourceQuality "1"]

1. e4 g6 2. d4 Bg7 3. Nf3 d6 4. Bd3 Nf6 5. 0-0 0-0 6. Re1 c5 7. dxc5 dxc5 8. e5 Nd5 9. Be4 Nb6 10. Qe2 Qc7 11. Nc3 Nc6 12. Nb5 Qb8 13. Bf4 Be6 14. Bg3 Rd8 15. b3 Qc8 16. Rad1 a6 17. Rxd8+ Qxd8 18. Bxc6 axb5 19. Bxb7 Rxa2 20. Ng5 Bxb3 21. e6 Bc4 22. exf7+ Kh8 23. Qe3 Nd5 24. Bxd5 Bxd5 25. Be5 Rxc2 26. Bxg7+ Kxg7 27. Qe5+ Kh6 28. h4 Rc4 29. Qxd5 Qxd5 30. f8Q+ Kh5 31. Qxe7 Rxh4 32. Nf3 1-0